Nghiên cứu và đề xuất giải pháp phát triển các doanh nghiệp kinh doanh logistics tại khu vực đồng bằng sông Cửu Long : Báo cáo kết quả thực hiện đề tài nghiên cứu Khoa học và PTCN cấp Bộ năm 2018

Сохранить в:
Библиографические подробности
Главный автор: Nguyễn, Thị Tuyết Nga
Формат: Đề tài khoa học
Язык:Undetermined
Опубликовано: Trường Đại học Công nghiệp Tp. Hồ Chí Minh 2018
Предметы:
Метки: Добавить метку
Нет меток, Требуется 1-ая метка записи!
Thư viện lưu trữ: Trung tâm Thư viện - Trường Đại học Công nghiệp TP. Hồ Chí Minh
LEADER 00838nam a2200157Ia 4500
001 UIH_00691
008 230809s9999 xx 000 0 und d
082 |a 332 
100 |a Nguyễn, Thị Tuyết Nga 
245 0 |a Nghiên cứu và đề xuất giải pháp phát triển các doanh nghiệp kinh doanh logistics tại khu vực đồng bằng sông Cửu Long : Báo cáo kết quả thực hiện đề tài nghiên cứu Khoa học và PTCN cấp Bộ năm 2018 
245 0 |c Nguyễn, Thị Tuyết Nga 
260 |b Trường Đại học Công nghiệp Tp. Hồ Chí Minh 
260 |c 2018 
650 |a Tài chính ngân hàng;Logistics; 
927 |a Đề tài khoa học 
980 |a Trung tâm Thư viện - Trường Đại học Công nghiệp TP. Hồ Chí Minh